Guess the Country names by sounding it out - Statistics

General Stats
  • This quiz has been taken 2,139 times
  • The average score is 14 of 15
Answer Stats
Hint Answer % Correct
Eejipt Egypt
100%
Nyjirea Nigeria
98%
Puroo Peru
97%
Porchagull Portugal
97%
Phrans France
96%
Cuttar Qatar
96%
Minemar Myanmar
95%
Booton Bhutan
94%
Geamayka Jamaica
90%
Hady Haiti
88%
Yuragwi Uruguay
88%
Geeyona Guyana
87%
Gonah Ghana
85%
Eerok Iraq
84%
Ceankeporr Singapore
77%
No matching quizzes found
Score Distribution
Percent of People with Each Score
Percentile by Number Answered
Your Score History
You have not taken this quiz